000 00777nam a2200133Ia 4500
008 171212s9999 xx 000 0 und d
020 _a9781921536946
245 _ceditor Neumann, Klaus;Tavan, Gwenda
_aDoes History Matter?
_bMaking and debating citizenship, immigration and refugee policy in Australia and New Zealand
260 _bANU E Press
_c2009
440 _aAustralia and New Zealand School of Government (ANZSOG)
650 _aCitizenship -- Australia; Citizenship -- New Zealand; Refugees -- Government policy -- Australia; Refugees -- Government policy -- New Zealand; Australia -- Emigration and immigration -- Government policy; New Zealand -- Emigration and immigration -- Gove
650 _aPolitical Science
856 _uwww.jstor.org/stable/10.2307/j.ctt24h2v9
999 _c351088
_d351088